000 00720nam a2200229Ia 4500
005 20220218190425.0
008 210716s2010 xx 000 0 und d
020 _a0198062230
040 _cAIMIT LIBRARY
041 _aeng
082 _a174.9658
_21
_b KUMT
100 _aKumar, T N Satheesh.
_920983
245 _aCorporate governance /
_cBy T.N. Satheesh Kumar.
250 _a1st ed.
260 _aNew Delhi :
_bOxford University Press .
_c2010.
300 _axiv,569p. ;
_c24 cm.
650 _aCorporate Governance.
_920984
650 _aEvolution of Corporate Governance.
_921230
650 _aBoards and Leadership.
_921231
650 _aBoards and Leadership.
_921231
942 _2ddc
_cBK
_e1st
_k174.9658 KUMT
999 _c206759
_d206759